|
|
|
|
| LEADER |
00000nam0a2200000 4500 |
| 001 |
297474 |
| 005 |
20260303144935.0 |
| 020 |
|
|
|a RU
|b 84-51101
|
| 035 |
|
|
|a (RuTPU)RU\TPU\book\322607
|
| 090 |
|
|
|a 297474
|
| 100 |
|
|
|a 20150608d1984 m y0rusy5003 ca
|
| 101 |
0 |
|
|a rus
|
| 102 |
|
|
|a RU
|
| 105 |
|
|
|a y z 001zy
|
| 200 |
1 |
|
|a СССР и Франция: 60 лет дипломатических отношений
|f Ю. В. Борисов
|
| 210 |
|
|
|a Москва
|c Международные отношения
|d 1984
|
| 215 |
|
|
|a 240 с.
|
| 300 |
|
|
|a На пер. авт. не указан
|
| 320 |
|
|
|a Библиогр.: с. 229-238
|
| 606 |
|
|
|a СССР и Франция
|x Международные отношения
|x История
|7 ca
|8 rus
|2 stltpush
|3 (RuTPU)RU\TPU\subj\65668
|9 82134
|
| 610 |
1 |
|
|a советско-французские отношения
|
| 610 |
1 |
|
|a франко-советские отношения
|
| 610 |
1 |
|
|a история
|
| 610 |
1 |
|
|a 20 век
|
| 610 |
1 |
|
|a дипломатические отношения
|
| 610 |
1 |
|
|a международные отношения
|
| 686 |
|
|
|a Т3(2)6-64
|2 rubbk
|
| 700 |
|
1 |
|a Борисов
|b Ю. В.
|g Юрий Васильевич
|4 070
|
| 801 |
|
0 |
|a RU
|b RuMRKP
|c 19950704
|g psbo
|
| 801 |
|
1 |
|a RU
|b 63413507
|c 20150608
|
| 801 |
|
2 |
|a RU
|b 63413507
|c 20170131
|g RCR
|
| 942 |
|
|
|c BK
|